| 000 | 00500 a2200205 4500 | ||
|---|---|---|---|
| 001 | 114195 | ||
| 020 | _a0920668364 | ||
| 020 | _a0920668372 (pbk.) | ||
| 041 | _aeng | ||
| 090 | _aAP SK [E] MUN | ||
| 250 | _a. ed. | ||
| 300 | _a[32] p. | ||
| 697 | _aMothers and sons - Fiction. | ||
| 856 | _u000001/00000120.jpg | ||
| 040 |
_aBR-BrIDEA _cBR-BrIDEA |
||
| 100 |
_aMunsch, Robert N. _d1945 |
||
| 245 | 1 | 0 |
_aLove you forever _c Robert N Munsch |
| 260 |
_aNew York _bFirefly _c1986 |
||
| 942 | _cBK | ||
| 999 |
_c114195 _d114195 |
||